000 00897nam a22002057a 4500
999 _c59225
_d59225
003 Ge_BSU
005 20221215150735.0
008 221215s1981ge xxu||||| |||| 00| 0 geo d
041 _ageo
080 _a821.353.1-31 ჭ-46
100 _aჭილაძე, ოთარ, ავტ.
_916438
245 _aყოველმან ჩემმან მპოვნელმან :
_b [რომანი] /
_cოთარ ჭილაძე ; რედ. ზ.მოლაშხია
255 _aმე-2 გამოც.
264 _aთბილისი :
_bსაბჭ. საქართველო,
_c1981.
300 _a479 გვ. :
_b ილ. ;
_c20 სმ.
653 _aყოველმან ჩემმან მპოვნელმან
653 _aრომანი
700 _aმოლაშხია, ზ
_eრედაქტორი
_93877
942 _2udc
_cBK